Responses for Show #2395 - Friday, January 20, 1995

Contestants

[<< previous game]

Kathy Craig, a homemaker from Moraga, California

David Bond, a classical guitarist originally from Subury, Massachusetts

Roger Reaves, a teacher originally from Alexandria, Virginia

[next game >>]

Jeopardy! Round responses

U.S. CITIES
POP MUSIC
GUINNESS RECORDS
EXPLORERS
PEANUTS
POTPOURRI
    $100 1
El Paso

David
    $100 24
The Beatles

Kathy
    $100 21
Greenland

David
    $100 16
Australia

David
    $100 11
peanut butter

David
    $100 6
11

David
    $200 2
Boston

Roger
    $200 25
rap

Roger
    $200 22
(Kathy: Who is Michael Keaton?)

Jack Nicholson

RogerKathy
    $200 17
Lewis & Clark

Kathy
    $200 12
(Roger: What is Africa?)
(Kathy: What is Asia?)

South America

RogerDavidKathy
    $200 7
The Grapes of Wrath

Roger
    $300 3
(Roger: What is Illinois?)

Springfield, Illinois

RogerDavid
    $300 28
Elvis Presley

Roger
    $300 23
Esperanto

Kathy
    $300 18
Magellan

Roger
    $300 13
oil

David
    $300 8
The Wizard of Id

Roger
    $400 4
(Kathy: What's Topeka?)
(Roger: What's Abilene?)

Wichita

RogerKathy
Triple Stumper
    $400 29
Otis Redding

Roger
    $400 26
Nureyev

Roger
    $400 19
(Alex: Not a nice guy, who is [*]?)

Hernando Cortés

Triple Stumper
    $400 14
goober peas

Roger
    $400 9
archery

Kathy
    $500 5
(Kathy: What is New Orleans?)

Biloxi

Kathy
Triple Stumper
    $500 30
Neil Sedaka

Kathy
    $500 27
(Roger: What is... Afghanistan?)

Pakistan

RogerKathy
    $500 20
Amundsen

Roger
    $500 15
George Washington Carver

David
    $500 10
liver

David

Scores at the first commercial break (after clue 15):

Roger David Kathy
$200 $2,100 -$700

Scores at the end of the Jeopardy! Round:

Roger David Kathy
$2,000 $2,300 $700

Double Jeopardy! Round responses

AMERICAN HISTORY
NATIONAL ANTHEMS
MYTHS & LEGENDS
MUSEUMS
POETRY
ENDS WITH "Y"
    $200 2
George Washington

Roger
    $200 16
Swaziland

Roger
    $200 7
China

David
    $200 1
the Rough Riders

Roger
    $200 27
(The Song of) Hiawatha

Roger
    $200 21
pinky

Roger
    $400 3
the War of 1812

David
    $400 17
Israel

Roger
    $400 8
Queen Guinevere

Triple Stumper
    $400 12
gauchos

Roger
    $400 28
poppies

Kathy
    $400 22
bunny

Triple Stumper
    $600 4
J. Edgar Hoover

Roger
    $600 18
North Korea

Kathy
    $600 9
Narcissus

David
    $600 13
Warsaw

David
    $600 29
(Alex: [With Scottish brogue] Oh, it is [*].)

Rabbie Burns

Triple Stumper
    $600 23
(Alex: A minute to go.)

dilly

Roger
    $800 5
the Interior Department

Roger
    $900 19
Belgium

Kathy
    $800 10
Vulcan

Kathy
    $800 14
Maine

Roger
    $800 30
a Grecian urn

David
    $800 24
Busby

Roger
    $1,100 6
Robert McNamara

Roger
    $1000 20
(Roger: What is Zaire?)

Sudan

RogerKathy
    $1000 11
(Kathy: Who is Pan?)

Apollo

DavidKathy
    $1000 15
(Laura) Ingalls (Wilder)

Roger
    $1000 26
Lenore

Kathy
    $1000 25
hussy

Roger

Scores at the end of the Double Jeopardy! Round:

Roger David Kathy
$9,500 $5,900 $4,400

[wagering suggestions for these scores]

Final Jeopardy! Round responses

WOMEN AUTHORS
KathyWho was Harriet Beacher Stowe
$4,300
DavidWho is Harried Beecher Stow
$5,800
RogerWho was H B Stowe?
$1,500
Harriet Beecher Stowe

Final scores:

Roger David Kathy
$11,000 $11,700 $8,700
2nd place: trip to Mexico City & Zihuatanejo, Mexico New champion: $11,700 3rd place: Gibson refrigerator/freezer

Game dynamics:

Coryat scores:

Roger David Kathy
$9,400 $5,900 $4,300
26 R
(including 2 DDs),
5 W
16 R,
0 W
12 R
(including 1 DD),
5 W

Combined Coryat: $19,600

[game clues] [game scores] [suggest correction]

Game tape date: 1994-10-26
The J! Archive is created by fans, for fans. Scraping, republication, monetization, and malicious use prohibited; this site may use cookies and collect identifying information. See terms. The Jeopardy! game show and all elements thereof, including but not limited to copyright and trademark thereto, are the property of Jeopardy Productions, Inc. and are protected under law. This website is not affiliated with, sponsored by, or operated by Jeopardy Productions, Inc. Join the discussion at JBoard.tv.